Welcome to the Holygrace Academy Library

Please use search bar below to get started

DHARMARAJYAM (Record no. 4822)

MARC details
000 -LEADER
fixed length control field 00588nam a22001457a 4500
020 ## - INTERNATIONAL STANDARD BOOK NUMBER
ISBN 978-81-264-183-36
082 ## - DEWEY DECIMAL CLASSIFICATION NUMBER
Classification number 894.812.3
Item number BAS/D
100 ## - MAIN ENTRY--AUTHOR NAME
Personal name BASHEER
245 ## - TITLE STATEMENT
Title DHARMARAJYAM
260 ## - PUBLICATION, DISTRIBUTION, ETC. (IMPRINT)
Place of publication KOTTAYAM
Name of publisher DC BOOKS
Year of publication 2007
300 ## - PHYSICAL DESCRIPTION
Number of Pages 100
520 ## - SUMMARY, ETC.
Summary, etc Dharmarajyam is a collection of essays written by Malayalam language writer Vaikom Muhammad Basheer. These politically charged essays were written against the policies of the then Diwan of Travancore Sir C. P. Ramaswami Iyer. The book was published in 1938 and was Basheer's first published book.
650 ## - SUBJECT ADDED ENTRY--TOPICAL TERM
Topical Term NOVEL
942 ## - ADDED ENTRY ELEMENTS (KOHA)
Koha item type Books
Holdings
Withdrawn status Lost status Collection code Home library Current library Shelving location Date acquired Source of acquisition Cost, normal purchase price Full call number Accession Number Koha item type
    Fiction Main Library Main Library SHELF-16- I- MALAYALAM NOVELS,FICTIONS 24/10/2017 Purchase 80.00 894.812.3 BAS/D 10071 Books
    Fiction Main Library Main Library SHELF-16- I- MALAYALAM NOVELS,FICTIONS 23/07/2019 Purchase 80.00 894.812.3 BAS/D 11461 Books